Vitamín L : naordinujte si týdenní kurz lásky od vztahových expertů /
Kniha ukazuje, jak udržet partnerský vztah v harmonii a rovnováze. Obsahuje sedmidenní akční plán s jednoduchými kroky pro zlepšení partnerského soužití - ať už potřebujete řešit partnerskou krizi, oživit manželství nebo podpořit nový vztah.
Uloženo v:
| Hlavní autor: | |
|---|---|
| Další autoři: | , |
| Médium: | E-kniha |
| Jazyk: | Czech |
| Vydáno: |
V Brně :
Jan Melvil Publishing,
2023
|
| Vydání: | Vydání první |
| Edice: | Briquet
|
| Témata: | |
| On-line přístup: | Plný text - pro registrované uživatele NK ČR |
| Tagy: |
Žádné tagy |
| LEADER | 02617nam a2200565 i 4500 | ||
|---|---|---|---|
| 001 | 312196 | ||
| 003 | CZ PrSKC | ||
| 005 | 20260601215718.0 | ||
| 007 | ta | ||
| 008 | 231129s2023 xr a e f 000 0 cze | ||
| 015 | |a cnb003576145 | ||
| 020 | |a 9788075552006 |q (brožováno) | ||
| 035 | |a (OCoLC)1420608076 | ||
| 040 | |a OLA001 |b cze |e rda | ||
| 041 | 1 | |a cze |h eng | |
| 072 | 7 | |a 316.4/.7 |x Sociální interakce. Sociální komunikace |2 Konspekt | |
| 080 | |a 316.472.42 |2 MRF | ||
| 080 | |a 316.772.4 |2 MRF | ||
| 080 | |a 316.474 |2 MRF | ||
| 080 | |a (035) |2 MRF | ||
| 100 | 1 | |a Gottman, John Mordechai, |d 1942- |7 mub2012726852 |4 aut | |
| 240 | 1 | 0 | |a Love prescription. |l Česky |
| 245 | 1 | 0 | |a Vitamín L : |b naordinujte si týdenní kurz lásky od vztahových expertů / |c John Gottman a Julie Schwartz Gottman ; překlad Filip Drlík |
| 250 | |a Vydání první | ||
| 264 | 1 | |a V Brně : |b Jan Melvil Publishing, |c 2023 | |
| 300 | |a 247 stran : |b barevné ilustrace ; |c 16 cm | ||
| 336 | |a text |b txt |2 rdacontent | ||
| 337 | |a bez média |b n |2 rdamedia | ||
| 338 | |a svazek |b nc |2 rdacarrier | ||
| 490 | 1 | |a Briquet | |
| 500 | |a Přeloženo z angličtiny | ||
| 504 | |a Obsahuje bibliografické odkazy | ||
| 520 | 2 | |a Kniha ukazuje, jak udržet partnerský vztah v harmonii a rovnováze. Obsahuje sedmidenní akční plán s jednoduchými kroky pro zlepšení partnerského soužití - ať už potřebujete řešit partnerskou krizi, oživit manželství nebo podpořit nový vztah. | |
| 650 | 0 | 7 | |a partnerské vztahy |7 ph115684 |2 czenas |
| 650 | 0 | 7 | |a interpersonální komunikace |7 ph121153 |2 czenas |
| 650 | 0 | 7 | |a láska |7 ph117230 |2 czenas |
| 650 | 0 | 9 | |a partner relationships |2 eczenas |
| 650 | 0 | 9 | |a interpersonal communication |2 eczenas |
| 650 | 0 | 9 | |a love |2 eczenas |
| 655 | 7 | |a příručky |7 fd133209 |2 czenas | |
| 655 | 9 | |a handbooks and manuals |2 eczenas | |
| 700 | 1 | |a Gottman, Julie Schwartz, |d 1951- |7 jo20211115178 |4 aut | |
| 700 | 1 | |a Drlík, Filip, |d 1986- |7 xx0164666 |4 trl | |
| 830 | 0 | |a Briquet | |
| 856 | 4 | 1 | |u https://www.bookport.cz/AccountSaml/SignIn/?idp=https%3A%2F%2Fshibboleth.nkp.cz%2Fidp%2Fshibboleth&returnUrl=/kniha/vitamin-l-12302/ |y Plný text - pro registrované uživatele NK ČR |4 N |
| 900 | |a ABA001 |b 20 | ||
| 044 | |a xr | ||
| 910 | |a RBIT002 | ||
| 998 | |d 391947 |a https://core.palmknihy.cz/api/books/391947/cover?s4f673 |b https://core.palmknihy.cz/api/books/391947/cover/400?s4f673 |c https://core.palmknihy.cz/api/books/391947/cover/50?s4f673 |e |g 248 |i 9788075552006 |j https://core.palmknihy.cz/api/books/391947/preview.epub |l |q 49 |r 1 |s https://www.palmknihy.cz/kniha/391947 |t ebook |y 2023 |z 0 | ||
| 999 | |d 312194 | ||